Leadership Capacity for Lasting School Improvment (Record no. 24668)

MARC details
000 -LEADER
fixed length control field 00646nam a22002057a 4500
003 - CONTROL NUMBER IDENTIFIER
control field OSt
005 - DATE AND TIME OF LATEST TRANSACTION
control field 20260618095343.0
008 - FIXED-LENGTH DATA ELEMENTS--GENERAL INFORMATION
fixed length control field 260618b |||||||| |||| 00| 0 eng d
020 ## - INTERNATIONAL STANDARD BOOK NUMBER
International Standard Book Number 0871207788
040 ## - CATALOGING SOURCE
Transcribing agency Chuka University Library
050 ## - LIBRARY OF CONGRESS CALL NUMBER
Classification number LB 2805
Item number .L3 2003
100 ## - MAIN ENTRY--PERSONAL NAME
Personal name Lambert, Linda
9 (RLIN) 29944
245 ## - TITLE STATEMENT
Title Leadership Capacity for Lasting School Improvment
260 ## - PUBLICATION, DISTRIBUTION, ETC.
Place of publication, distribution, etc. Virginia
Name of publisher, distributor, etc. ASCD
Date of publication, distribution, etc. 2003
300 ## - PHYSICAL DESCRIPTION
Extent 128P
650 ## - SUBJECT ADDED ENTRY--TOPICAL TERM
Topical term or geographic name entry element Educational Leadership United States
9 (RLIN) 27697
650 ## - SUBJECT ADDED ENTRY--TOPICAL TERM
Topical term or geographic name entry element Teacher Participation in administration United States
9 (RLIN) 29945
650 ## - SUBJECT ADDED ENTRY--TOPICAL TERM
Topical term or geographic name entry element School Improvement Programs United States
9 (RLIN) 28059
942 ## - ADDED ENTRY ELEMENTS (KOHA)
Source of classification or shelving scheme Library of Congress Classification
Koha item type Long Loan Books
Suppress in OPAC No
Holdings
Withdrawn status Lost status Source of classification or shelving scheme Damaged status Not for loan Collection Home library Current library Shelving location Date acquired Source of acquisition Cost, normal purchase price Total Checkouts Full call number Barcode Date last seen Price effective from Koha item type
    Library of Congress Classification     General Collection Books Main Campus Library Main Campus Library General Stacks 18/06/2026 Donations from books for Africa 3752.18   LB 2805 .L3 2003 35228/2026 18/06/2026 18/06/2026 Long Loan Books

Powered by Koha